| 000 | 00714cab a2200253 4500 | ||
|---|---|---|---|
| 001 | WB3026-29 | ||
| 008 | 090401t1994 xxu||||| |||| 00| 0 eng d | ||
| 035 | _a(Sirsi) u79700 | ||
| 041 | _aeng | ||
| 245 | _aBaldry promises privity reform bill | ||
| 260 | _c1994 | ||
| 350 | _a0 | ||
| 490 |
_aProperty Week _v48(1) 7 July 1994, 6(1) |
||
| 520 | _aThe Government does intend to introduce a bill to reform privity of contract. | ||
| 650 | _aBILLS | ||
| 650 | _aCONFIDENTIALITY CLAUSES | ||
| 650 |
_aDISPUTE RESOLUTION _96236 |
||
| 650 | _aLEASES | ||
| 650 | _aPRIVITY OF CONTRACT | ||
| 650 | _aUPWARD ONLY RENT REVIEWS | ||
| 690 | _aPROPERTY-LANDLORD AND TENANT | ||
| 942 | _n0 | ||
| 948 | _c04/03/1997 | ||
| 999 |
_c50130 _d50130 |
||